00594 a2200169 4500010001400000020002300014035001300037037001600050082001800066100002400084245009000108260003600198260004500234270007000279300002400349500005100373 aENG-89531 c695.00a8178242265 aEN-73064 bDBAD / PUB14a305.5630954431 aChaturvedi, Vinayak1 aPeasant pasts:cby Vinayak Chaturvedibhistory, politics, and nationalism in Gujarat/ aRanikhetbPermanent Blackc2007 aNew DelhibOrient Longman (Distributor) aHimalayana, Mall Road, Ranikhet CanttbRanikhete263645cRanikhet a307p.c22 cm. (Hb) aIncludes bibliographical references and index